MARC

LEADER 00000nam0a2200000 4500
001 101631
005 20231031112714.0
010 |a 0205276830 
035 |a (RuTPU)RU\TPU\book\109586 
090 |a 101631 
100 |a 20060914d1998 m y0engy50 ba 
101 0 |a eng 
102 |a US 
105 |a y j 001zy 
200 1 |a Reporting Technical Information  |f K. W. Houp, T. E. Pearsall 
205 |a 9th ed. 
210 |a Boston  |c Allyn and Bacon  |d 1998 
215 |a 700 p. 
320 |a Index: p. 693-700. 
610 1 |a английский язык 
610 1 |a учебные пособия 
610 1 |a лексика 
610 1 |a стилистика 
610 1 |a деловое общение 
610 1 |a техника 
610 1 |a информационные технологии 
610 1 |a информатика 
686 |a Ш143.21-923.7  |v LBC/SL-A  |2 rubbk 
700 1 |a Houp  |b K. W.  |g Kenneth W. 
701 1 |a Pearsall  |b T. E.  |g Thomas E. 
801 1 |a RU  |b 63413507  |c 20060914  |g PSBO 
801 2 |a RU  |b 63413507  |c 20121221  |g PSBO 
942 |c BK